000 00612nam a22001577a 4500
005 20250306125542.0
020 _c150.00
037 _bशिवालिक प्रकाशन
082 _21
100 _aकुलश्रेष्ठ, सुधांशु
_979320
245 _aराष्ट्रवाद एक विचारधारा/
_cसुधांशु कुलश्रेष्ठ
250 _a1
260 _aनई दिल्ली
_bशिवालिक प्रकाशन
_c2023
300 _a124पृ.
_c22cm(आजिल्द)
942 _2ddc
_cHN
_mकुलश्रे
999 _c209949
_d209949